[Event "Africa-ch Blitz"]
[Site "Casablanca"]
[Date "2019.08.28"]
[Round "7.17"]
[White "Amba, Oyon Marius Claude"]
[Black "Naipal, Hoolan"]
[Result "1/2-1/2"]
[WhiteElo "1930"]
[BlackElo "1785"]
[PlyCount "166"]
[EventDate "2019.08.28"]
[EventType "swiss (blitz)"]
[EventRounds "9"]
[EventCountry "MAR"]
[SourceTitle "EXT 2024"]
[Source "ChessBase"]
[SourceDate "2023.10.10"]
[SourceVersion "1"]
[SourceVersionDate "2023.10.10"]
[SourceQuality "1"]

1. e4 e5 2. Nf3 Nc6 3. Bb5 a6 4. Ba4 Nf6 5. 0-0 Be7 6. d4 b5 7. dxe5 bxa4 8. exf6 Bxf6 9. e5 Be7 10. Nc3 a3 11. bxa3 0-0 12. Nd5 a5 13. Qd3 Ba6 14. c4 d6 15. Nxe7+ Qxe7 16. Bg5 Qe6 17. Qd5 Qxd5 18. cxd5 Bxf1 19. dxc6 Bb5 20. Nd4 Ba4 21. exd6 cxd6 22. c7 Rfc8 23. Bd8 Rxd8 24. cxd8Q+ Rxd8 25. Rb1 h6 26. f3 Rc8 27. Kf2 Bd7 28. Rb6 Be6 29. Rxd6 Bxa2 30. Nc6 Rc7 31. Nxa5 Rc2+ 32. Kg3 Rc3 33. Nc6 Rxa3 34. Ne7+ Kh7 35. Rd7 Ra5 36. Nc8 Ra4 37. Nd6 Ra3 38. Nxf7 Bxf7 39. Rxf7 Ra2 40. Rc7 Ra3 41. h4 Ra2 42. Kh3 Ra3 43. h5 Ra4 44. g4 Rb4 45. Kh4 Rb5 46. Rc3 Ra5 47. f4 Rb5 48. Rc4 Ra5 49. g5 hxg5+ 50. fxg5 Rb5 51. Kg4 Rb7 52. Rc5 Ra7 53. Kf5 Rb7 54. Re5 Ra7 55. Re6 Rb7 56. Kg4 Rb4+ 57. Kf5 Rb5+ 58. Re5 Rb7 59. Ra5 Rc7 60. Rd5 Rb7 61. Kg4 Rb4+ 62. Kf5 Rb7 63. Ke6 Rb6+ 64. Kd7 Rb7+ 65. Kc6 Ra7 66. Kb6 Re7 67. Rf5 Rd7 68. Kc6 Ra7 69. Rd5 Re7 70. Kd6 Ra7 71. Ke5 Rb7 72. Kf5 Ra7 73. Re5 Rb7 74. Re8 Rb5+ 75. Kf4 Rb4+ 76. Re4 Rb7 77. Re5 Rb4+ 78. Kf5 Rb7 79. Ra5 Rc7 80. Ra8 Rc5+ 81. Kf4 Rc4+ 82. Kf5 Rc5+ 83. Kf4 Rc4+ 1/2-1/2

[Event "African-ch rapid"]
[Site "Casablanca"]
[Date "2019.08.26"]
[Round "3"]
[White "Naipal, Hoolan"]
[Black "Ricky, Sang"]
[Result "0-1"]
[WhiteElo "1785"]
[BlackElo "1971"]
[PlyCount "134"]
[EventDate "2019.08.26"]
[EventType "swiss (rapid)"]
[EventRounds "9"]
[EventCountry "MAR"]
[SourceTitle "EXT 2020"]
[Source "ChessBase"]
[SourceDate "2019.10.17"]
[SourceVersion "1"]
[SourceVersionDate "2019.10.17"]
[SourceQuality "1"]

1. e4 c5 2. Nf3 d6 3. d4 cxd4 4. Nxd4 Nf6 5. Nc3 a6 6. g3 e5 7. Nde2 Be7 8. Bg2 0-0 9. 0-0 b5 10. Nd5 Nxd5 11. Qxd5 Ra7 12. a4 Be6 13. Qd1 b4 14. a5 Nd7 15. Be3 Ra8 16. c3 Qb8 17. Qd2 Nc5 18. Bxc5 dxc5 19. cxb4 Qxb4 20. Qxb4 cxb4 21. Rfc1 Rac8 22. h4 Rfd8 23. Rxc8 Rxc8 24. Rc1 Rxc1+ 25. Nxc1 Bd8 26. Nd3 Bxa5 27. Nxe5 Bc7 28. Nc6 a5 29. f4 Bc4 30. Ne7+ Kf8 31. Nd5 Bxd5 32. exd5 a4 33. Bf1 Bb6+ 34. Kg2 Bd4 35. Bb5 a3 36. bxa3 bxa3 37. Bc4 f6 38. Kf3 Ke7 39. Ke4 Bf2 40. Kf3 Be1 41. Ba2 Kd6 42. h5 Kc5 43. g4 Kd4 44. d6 Ba5 45. d7 Kc5 46. f5 Kd4 47. Be6 h6 48. Ba2 Kd3 49. Be6 Bc7 50. Ba2 Bd8 51. Be6 Kc2 52. Ke4 Kd2 53. Kf3 Kc2 54. Ke4 Kb2 55. Bc4 a2 56. Bxa2 Kxa2 57. Kd5 Kb3 58. Ke6 Kc4 59. Kf7 Kd5 60. Ke8 Ba5 61. d8Q+ Bxd8 62. Kxd8 Ke5 63. Ke7 Kf4 64. Kf7 Kxg4 65. Kxg7 Kg5 66. Kf7 Kxf5 67. Kg7 Ke5 0-1

[Event "Commonwealth-ch"]
[Site "New Delhi"]
[Date "2018.06.26"]
[Round "1"]
[White "Naipal, Hoolan"]
[Black "Sengupta, Deep"]
[Result "0-1"]
[WhiteElo "1941"]
[BlackElo "2565"]
[PlyCount "91"]
[EventDate "2018.06.26"]
[EventType "swiss"]
[EventRounds "9"]
[EventCountry "IND"]
[SourceTitle "CBM 185 Extra"]
[Source "ChessBase"]
[SourceDate "2018.07.29"]
[SourceVersion "1"]
[SourceVersionDate "2018.07.29"]
[SourceQuality "1"]

1. e4 c5 2. Nf3 e6 3. g3 Nc6 4. Bg2 d5 5. exd5 exd5 6. 0-0 Bd6 7. d4 Nge7 8. dxc5 Bxc5 9. Nbd2 0-0 10. Nb3 Bb6 11. c3 Bg4 12. h3 Bh5 13. Re1 a5 14. Be3 Bxe3 15. Rxe3 Qb6 16. g4 Bg6 17. Ne5 Rfd8 18. Qe2 a4 19. Nd4 Nxd4 20. cxd4 Nc6 21. Nxc6 bxc6 22. Re1 f6 23. Re7 Qxd4 24. Qe6+ Kh8 25. Qxc6 Rab8 26. Qc7 Rdc8 27. Qa7 Qxa7 28. Rxa7 d4 29. Rd1 Rd8 30. f4 Bc2 31. Rd2 d3 32. b3 axb3 33. axb3 Rxb3 34. Bd5 Rb4 35. f5 h5 36. Bf3 h4 37. Ra3 Kh7 38. Kf2 Kh6 39. Ke3 Re8+ 40. Kf2 Rb1 41. Rc3 Ree1 42. Bg2 Red1 43. Rxd1 Rxd1 44. Be4 Rd2+ 45. Ke3 Re2+ 46. Kf3 0-1

[Event "Mauritius Masters"]
[Site "Mauritius"]
[Date "2017.03.26"]
[Round "6"]
[White "Vencatasawmy, Nadarajen"]
[Black "Naipal, Hoolan"]
[Result "0-1"]
[WhiteElo "1835"]
[BlackElo "2008"]
[PlyCount "68"]
[EventDate "2017.03.18"]
[EventType "tourn"]
[EventRounds "9"]
[EventCountry "MRI"]
[SourceTitle "CBM 177 Extra"]
[Source "ChessBase"]
[SourceDate "2017.04.27"]
[SourceVersion "1"]
[SourceVersionDate "2017.04.27"]
[SourceQuality "1"]

1. e4 e5 2. Nf3 Nc6 3. Bc4 Bc5 4. c3 Nf6 5. d4 exd4 6. cxd4 Bb4+ 7. Bd2 Nxe4 8. Bxb4 Nxb4 9. Bxf7+ Kxf7 10. Qb3+ d5 11. Ne5+ Ke6 12. Qxb4 Qf8 13. Qxf8 Rxf8 14. 0-0 c6 15. f3 Ng5 16. Nc3 Kd6 17. Rfe1 Ne6 18. Rad1 a5 19. Na4 Ra6 20. Nd3 b6 21. Ne5 Rf4 22. g3 Rxd4 23. Rxd4 Nxd4 24. Nf7+ Kd7 25. Kf2 Ne6 26. Ne5+ Kc7 27. Rc1 b5 28. Nc3 Kb7 29. Nf7 Bd7 30. Nd6+ Kb6 31. Nf7 Nc5 32. Ne5 Bf5 33. Ke3 Ra7 34. Kd4 Ne6+ 0-1